Blížime sa k euru
Východiská Národného plánu SR na zavedenie eura. Splnenie maastrichtských kritérií. Ďalšie predpoklady zavedenia euromeny. Postup európskych inštitúcií pri prijímaní nového člena eurozóny. Zriadenie pracovných výborov pre euro. Harmonogram prijatia eura.
Enregistré dans:
| Format: | Chapitre de livre |
|---|---|
| Langue: | slovaque |
| Sujets: | |
| Tags: |
Pas de tags, Soyez le premier à ajouter un tag!
|
MARC
| LEADER | 00000naa$a2200000$$$4500 | ||
|---|---|---|---|
| 001 | 0039126 | ||
| 005 | 20231006121214.1 | ||
| 041 | 0 | |a slo | |
| 044 | |a SK | ||
| 245 | 1 | 0 | |a Blížime sa k euru |
| 520 | |a Východiská Národného plánu SR na zavedenie eura. Splnenie maastrichtských kritérií. Ďalšie predpoklady zavedenia euromeny. Postup európskych inštitúcií pri prijímaní nového člena eurozóny. Zriadenie pracovných výborov pre euro. Harmonogram prijatia eura. | ||
| 610 | 2 | 0 | |a euro |
| 610 | 2 | 0 | |a eurozóna |
| 610 | 2 | 0 | |a koruna |
| 610 | 2 | 0 | |a kurz výmenný |
| 610 | 2 | 0 | |a stabilita cien |
| 610 | 2 | 0 | |a sadzby úrokové |
| 610 | 2 | 0 | |a banky centrálne |
| 610 | 2 | 0 | |a koordinácia |
| 610 | 2 | 0 | |a skupiny pracovné |
| 610 | 2 | 0 | |a Európska únia |
| 610 | 2 | 0 | |a Slovensko |